LIBRARY & INFORMATION CENTRE, KCAET, TAVANUR

ONLINE PUBLIC ACCESS CATALOGUE (OPAC)

Education in India: Tady and Tomarrow / (Record no. 12208)

MARC details
000 -LEADER
fixed length control field 00371cam a2200145ua 4500
041 ## - LANGUAGE CODE
Language code of text/sound track or separate title eng
082 ## - DEWEY DECIMAL CLASSIFICATION NUMBER
Classification number 370.1
Item number MUK/ED
100 ## - MAIN ENTRY--AUTHOR NAME
Personal name Mukelj, s.n .
245 ## - TITLE STATEMENT
Title Education in India: Tady and Tomarrow /
260 ## - PUBLICATION, DISTRIBUTION, ETC. (IMPRINT)
Place of publication Baroda :
Name of publisher Acharya book depot ,
Year of publication 1964.
300 ## - PHYSICAL DESCRIPTION
Number of Pages 514 ; .
942 ## - ADDED ENTRY ELEMENTS (KOHA)
Koha item type Books
Holdings
Withdrawn status Lost status Damaged status Home library Current library Date acquired Full call number Accession Number Koha item type
Withdrawn     KAUAET Sanskrit University 07/04/2012 370.1 11018 Books
free website counter